Loading...
| History - European History | 0 | 4 | 1 | 0 | 35 | 78 | 108.50 | 0 | 3 |
| History - Ancient History | 0 | 3 | 0 | 1 | 30 | 97 | 126.67 | 1 | 2 |
| Literature - British Literature | 0 | 2 | 0 | 0 | 20 | 131 | 137.00 | 0 | 0 |
| Religion | 0 | 2 | 0 | 2 | 20 | 142 | 142.50 | 0 | 0 |
| Science - Other Science | 0 | 1 | 0 | 0 | 10 | 101 | 101.00 | 0 | 1 |
| History - World History | 0 | 1 | 0 | 0 | 10 | 134 | 134.00 | 0 | 1 |
| Philosophy | 0 | 1 | 0 | 1 | 10 | 150 | 150.00 | 0 | 0 |
| Mythology | 0 | 1 | 0 | 1 | 10 | 149 | 149.00 | 0 | 0 |
| Literature - American Literature | 0 | 1 | 0 | 1 | 10 | 168 | 168.00 | 0 | 0 |
| Social Science | 0 | 0 | 0 | 0 | 0 | 0.00 | 0 | 0 | |
| Literature - European Literature | 0 | 0 | 0 | 0 | 0 | 0.00 | 0 | 0 | |
| Other Academic | 0 | 0 | 1 | 0 | -5 | 0.00 | 0 | 0 | |
| Literature - World Literature | 0 | 0 | 1 | 0 | -5 | 0.00 | 0 | 0 | |
| Geography | 0 | 0 | 1 | 0 | -5 | 0.00 | 0 | 0 | |
| Fine Arts - Visual Fine Arts | 0 | 0 | 2 | 0 | -10 | 0.00 | 0 | 0 |